Prime Time 5 American Edition Student Book & Workbook (Registro nro. 2074)

Detalles MARC
000 -LEADER
fixed length control field 01712nam a22002057a 4500
003 - CONTROL NUMBER IDENTIFIER
control field OSt
005 - DATE AND TIME OF LATEST TRANSACTION
control field 20260415115148.0
008 - FIXED-LENGTH DATA ELEMENTS--GENERAL INFORMATION
fixed length control field 260415b |||||||| |||| 00| 0 eng d
020 ## - INTERNATIONAL STANDARD BOOK NUMBER
International Standard Book Number 9781471507878
082 ## - DEWEY DECIMAL CLASSIFICATION NUMBER
Edition number 9781471507878
Classification number 9781471507878
Item number 9781471507878
100 ## - MAIN ENTRY--PERSONAL NAME
Personal name Evans, Virginia
245 ## - TITLE STATEMENT
Title Prime Time 5 American Edition Student Book & Workbook
250 ## - EDITION STATEMENT
Edition statement 2
Remainder of edition statement 2013
260 ## - PUBLICATION, DISTRIBUTION, ETC.
Place of publication, distribution, etc. E.E U.U
Name of publisher, distributor, etc. Express Publishing UK Ltd
Date of publication, distribution, etc. 2014
300 ## - PHYSICAL DESCRIPTION
Extent 182 PAG
Dimensions 27,6 x 21,6 cm.
490 ## - SERIES STATEMENT
Materials specified TAPA BLANDA
520 ## - SUMMARY, ETC.
Summary, etc. Prime Time es un curso modular de nivel secundario en inglés americano. El curso combina el aprendizaje activo del inglés americano con una variedad de temas dinámicos presentados en cinco módulos temáticos. Características clave: Un enfoque integrado para el desarrollo de las cuatro destrezas lingüísticas. Diálogos estimulantes y realistas con personas en situaciones cotidianas. Presentación y práctica de vocabulario. Variedad de tareas de lectura y comprensión auditiva. Presentación y práctica claras de estructuras gramaticales. Actividades que fomentan el pensamiento crítico y la investigación en la web. Secciones de escritura que contienen modelos y desarrollo de habilidades de escritura. Actividades realistas de trabajo en parejas y en grupo. Secciones de pronunciación e entonación. Consejos de estudio para ayudar a los estudiantes a convertirse en aprendices autónomos. Rincón cultural y secciones interdisciplinarias. Secciones de repaso y revisión del idioma al final de cada módulo. Una sección de referencia gramatical. Pizarra interactiva (IWB). Software de libros electrónicos interactivos.
700 ## - ADDED ENTRY--PERSONAL NAME
Personal name Dooley, Jenny
942 ## - ADDED ENTRY ELEMENTS (KOHA)
Source of classification or shelving scheme Dewey Decimal Classification
Koha item type Acceso Libre
Suppress in OPAC No
Existencias
Withdrawn status Lost status Source of classification or shelving scheme Damaged status Not for loan Collection Home library Current library Shelving location Date acquired Source of acquisition Coded location qualifier Inventory number Total checkouts Full call number Barcode Date last seen Copy number Price effective from Koha item type
    Dewey Decimal Classification     Estantería F Fila 2 Biblioteca Stanford Biblioteca Stanford Biblioteca Abierta 15.04.2026 IDIOMAS 0498 0498   INGLES IDIOMA0498 15.04.2026 1 15.04.2026 Acceso Libre
Bienvenido a nuestra Biblioteca